Statystyki dla Test wyboru - polscy piłkarze - mistrzowie kraju. #1

Kliknij tutaj aby rozwiązać quiz!

Ogólne statystyki

  • Ten quiz został rozwiązany 34 razy
  • Średni wynik to 7 z 10

Statystyki odpowiedzi

ZagadnienieOdpowiedź% Poprawnych
Legia W-wa 2002, 2021; Celtic 2006, 2007, 2008.Artur Boruc
97%
Legia W-wa 2006, 2013, 2014, 2016, 2017; Qarabag 2018, 2019.Jakub Rzeźniczak
94%
Anderlecht 2007, 2010, 2012, 2013; Leicaster 2016.Marcin Wasilewski
94%
Zagłębie Lubin 2007; Borussia Dortmund 2011, 2012.Łukasz Piszczek
91%
Wisła Kraków 2008; Legia W-Wa 2018.Krzysztof Mączyński
88%
Widzew Łódź 1981, 1982; FC Porto 1986, 1988.Józef Młynarczyk
75%
Legia W-Wa 1955, 1956; Górnik Zabrze 1957, 1959, 1961, 1963, 1964, 1965, 1966, 1967.Ernest Pohl
56%
Widzew Łódź 1996; FC Porto 1997.Andrzej Woźniak
41%
Widzew Łódź 1996, 1997; Wisła Kraków 1999, 2001.Ryszard Czerwiec
34%
Górnik Zabrze 1985, 1986, 1987, 1988; Panathinaikos 1991, 1995, 1996.Józef Wandzik
25%

Rozkład punktacji

Percentyl według liczby udzielonych odpowiedzi

Procent ludzi z każdym wynikiem

Twoja historia wyników

Nie rozwiązałeś tego quizu